Island Geography by Letter – M - Statistics

General Stats
  • This quiz has been taken 69 times
  • The average score is 14 of 22
Answer Stats
Hint Answer % Correct
Capital of the Philippines Manila
98%
Home of lemurs and aye-ayes Madagascar
97%
New Zealand natives Māori
93%
Second largest urban area in the UK Manchester
90%
Former home of the dodo Mauritius
90%
d Micronesia
82%
Picturesque archipelagic country southwest of India Maldives
80%
Capital of the above Malé
73%
Volcanic Portuguese territory in the North Atlantic Madeira
67%
Second largest island in the Philippines Mindanao
62%
Scenic Hawaiian island known as 'The Valley Isle' Maui
60%
Capital of the Marshall Islands Majuro
58%
The George Cross features on its flag Malta
58%
Subregions of Oceania Melanesia
58%
Official language of the above Malagasy
57%
Easter Island statues Moai
53%
Small French department near Comoros Mayotte
52%
Its capital is Fort-de-France Martinique
48%
Largest city on Sumatra Medan
43%
The Soufrière Hills volcano erupted here in 1995 Montserrat
42%
Large, lush island in the Amazon river delta Marajó
12%
Australian Antarctic research base south of New Zealand Macquarie Island
7%
No matching quizzes found
Score Distribution
Percent of People with Each Score
Percentile by Number Answered
Your Score History
You have not taken this quiz